| 000 | 00340nam a2200133Ia 4500 | ||
|---|---|---|---|
| 008 | 150201s2006 xx 000 0 und d | ||
| 082 |
_a610.7 _bC06B |
||
| 100 | _aBHARTI,MS | ||
| 245 | _aCBS QUICK MEDICAL EXAM. REVIEW | ||
| 250 | _a13TH | ||
| 260 |
_bCBS _aDELHI _c2006 |
||
| 650 | _aOTHER CLINICAL & NON CLINICAL BOOKS | ||
| 942 |
_2ddc _cBK _01 |
||
| 999 |
_c1142 _d1142 |
||